000 00260nam a2200097Ia 4500
001 710664
005 20250826162753.0
008 250824s9999 xx 000 0 und d
245 0 _aBARBA ROSSA GİZEMLİ HAZİNE
_cMEHMET ATILGAN
260 _bGENÇ TİMAŞ YAYINLARI
999 _c710664
_d710664